000 00262nam a22001217a 4500
008 181217b xxu||||| |||| 00| 0 eng d
041 _aeng
080 _a341
100 _a15
101 _aSHJ
245 _aApplied Business Law
_cPomeroy,D.A
942 _2udc
_cBK
999 _c53139
_d53139